000 00670nam a22001697a 4500
020 _qHard Cover.
082 _a200
100 _aMuhammad Ali Khan
245 _aCorrosion Protection of ASTM A516 Grade 70 Using Chemical Conversion Method and Further improvement by Prior Surface Treatment /
_cMuhammad Ali Khan.
260 _aKarachi :
_bPNEC - NUST,
_c2016.
300 _ax, 65 p. : ill. ;
_c30cm.
650 _aMS-Industrial & Manufacturing Engineering
_9127273
700 _aSupervisor: Dr. Syed Aqueel Shah.
_9127292
856 _uhttp://10.250.8.41:8080/xmlui/handle/123456789/41395
942 _2ddc
_cSC
999 _c535465
_d535465